Geography Quiz

Random Geography or Asia Quiz

Where Am I in Asia? Quiz Stats

 Plays Quiz Updated Jun 22, 2018

Score 0/18 Timer 05:00
11 Plays Today
% Correct
Yes, this is
definitely Tokyo!
93.8%
Correct, this
is Sri Lanka.
93.6%
Yep, this is
Pyongyang!
91.2%
Correct, this
is the Caspian!
89.6%
Correct, that's
Ho Chi Minh City.
Singapore is
down here.
85.6%
Very good, that's
Riyadh, Saudi
Arabia. Baghdad,
Iraq is here.
85.6%
Right, this
is Bangkok!
85.6%
Right. That's
Karachi (Pakistan).
Afghanistan
is up here.
85.5%
Good! This is Mindanao,
in the Philippines.
New Guinea is
down there.
85.1%
% Correct
Correct, this is
Sana'a, Yemen.
Dubai is
over there.
85%
Yes! This is
the Bay of
Bengal. The
South China
Sea is there.
84.8%
Nicely done!
This is Taipei, Taiwan.
Hong Kong is over
there to the west.
82.9%
Right, the Gobi
desert is here!
81.5%
Yes, that's where
Brunei is!
81.3%
Correct, this is
Bishkek, Kyrgyzstan!
Mt. Everest is
way down there.
80.7%
Good job! This
is Mumbai.
79.7%
Very good,
this is the
Arabian Sea.
75.8%
Correct, this is
Chengdu. Beijing is
to the northeast.
74.8%

You're not logged in!

Compare scores with friends on all Sporcle quizzes.
OR
Log In

Sporcle TV

Today on Sporcle TV


Watch our educational content, quiz creation guides, and fun videos on Sporcle TV.

Show Comments

Extras

Top Quizzes Today


Score Distribution

Your Account Isn't Verified!

In order to create a playlist on Sporcle, you need to verify the email address you used during registration. Go to your Sporcle Settings to finish the process.

Report this User

Report this user for behavior that violates our Community Guidelines.

Details: